000 00297nam a22001337a 4500
008 170615b xxu||||| |||| 00| 0 eng d
020 _a9780691026466
041 _aeng
080 _a32
100 _a19
101 _aSHP
245 _aTHE HIDDEN WELFARE STATE
_cHOWARD.CH
942 _2udc
_cBK
999 _c17631
_d17631